España y Mauritania : Sáhara, pesca, migraciones y desarrollo en el centro de la agenda bilateral /
Guardat en:
| Autors principals: | , |
|---|---|
| Autor corporatiu: | |
| Format: | Electrònic eBook |
| Idioma: | espanyol |
| Publicat: |
Barcelona :
Fundació CIDOB, Barcelona Centre for International Affairs,
2009.
|
| Col·lecció: | Documentos CIDOB. Mediterráneo y Oriente Medio,
16. |
| Matèries: | |
| Accés en línia: | Digitalia Hispánica |
| Etiquetes: |
Afegir etiqueta
Sense etiquetes, Sigues el primer a etiquetar aquest registre!
|
MARC
| LEADER | 00000nam a2200000Ia 4500 | ||
|---|---|---|---|
| 001 | DIGCIDOB110 | ||
| 003 | NyNyDIG | ||
| 006 | m o d | ||
| 007 | cr ||||||||||| | ||
| 008 | 150101s2009 sp ob 000 0 spa d | ||
| 035 | |a (OCoLC)1335125718 | ||
| 040 | |a DGITA |b eng |e rda |e pn |c DGITA | ||
| 043 | |a f-mu--- |a e-sp--- | ||
| 050 | 1 | 4 | |a JQ3391.A1 |
| 100 | 1 | |a Hernando de Larramendi, Miguel, |e author. | |
| 245 | 1 | 0 | |a España y Mauritania : |b Sáhara, pesca, migraciones y desarrollo en el centro de la agenda bilateral / |c Miguel Hernando de Larramendi y Ana I. Planet. |
| 264 | 1 | |a Barcelona : |b Fundació CIDOB, Barcelona Centre for International Affairs, |c 2009. | |
| 300 | |a 1 online resource (67 pages) | ||
| 336 | |a text |b txt |2 rdacontent | ||
| 337 | |a computer |b c |2 rdamedia | ||
| 338 | |a online resource |b cr |2 rdacarrier | ||
| 490 | 1 | |a Documentos CIDOB. |a Mediterráneo y Oriente Medio ; |v 16 | |
| 504 | |a Includes bibliographical references (pages 63-66) | ||
| 588 | |a Description based on online resource; title from PDF title page (Digitalia, viewed December 5, 2014) | ||
| 651 | 0 | |a SpainxForeign Relations |z Mauritania | |
| 651 | 0 | |a Mauritania |x Foreign Relations |z Spain | |
| 655 | 7 | |a Periodicals. |2 lcgft | |
| 700 | 1 | |a Planet Contreras, Ana I., |e author. | |
| 710 | 2 | |a CIDOB (Center) | |
| 793 | 0 | |g Digitalia e-journal Collection: |a CIDOB, Barcelona | |
| 791 | 2 | |a Digitalia (Firm), |e distributor. | |
| 830 | 0 | |a Documentos CIDOB. |p Mediterráneo y Oriente Medio, |x 1696-9979 ; |v 16. | |
| 856 | 4 | 0 | |3 Digitalia Hispánica |u https://digitalia.unach.elogim.com/a/23846/ |